La production ecrite
Saved in:
| Main Author: | |
|---|---|
| Format: | Book |
| Language: | English |
| Published: |
CLE International
1999
|
| Tags: |
Add Tag
No Tags, Be the first to tag this record!
|
MARC
| LEADER | 00000nam a22000007a 4500 | ||
|---|---|---|---|
| 008 | 240116b |||||||| |||| 00| 0 eng d | ||
| 020 | |a 2090333405 | ||
| 100 | |a CORNAIRE, Claudette |a Raymond, Patricia Mary | ||
| 245 | |a La production ecrite |c / Claudette Cornaire [and] Patricia Mary Raymond |g viii, 145p | ||
| 260 | |b CLE International |c 1999 |h Paris |i 673884 |l P211.C81 |m Written communication - Study and teaching |m Language and languages - Study and teaching | ||
| 942 | |a lcc |c BK |e A.R.Akinniyi |f 16:1:24 | ||
| 952 | |0 0 |1 0 |2 lcc |4 0 |6 P0211 C81 |7 0 |9 4791 |a HOL |b HOL |c LP |d 2024-01-16 |l 0 |o P211.C81 |p 2024-0045 |r 2024-01-16 00:00:00 |t 673884 |w 2024-01-16 |y BK | ||
| 999 | |c 2395 |d 2395 | ||